| 000 | 00742nam a22001337a 4500 | ||
|---|---|---|---|
| 040 | _cRUA | ||
| 082 | _aAGR NHE 2022 B1-570 Or. | ||
| 100 | _aNHEIN RA ញាន រ៉ា | ||
| 245 | _aCOMPARISON OF DIFFERENT NITROGEN AND PHOSPHORUS RATES ON SOY BEAN AT SANGKUM TMEI DISTRICT, PREAH VIHEAR PROVINCE ប្រៀបធៀបកម្រិតអាសូត និងផូស្វ័រខុសៗគ្នាទៅលើដំណាំសណ្តែកសៀងនៅស្រុកសង្គមថ្មីខេត្តព្រះវិហារ | ||
| 260 |
_aPHNOM PENH _bRUA _c2022 |
||
| 300 |
_aX.35P _bVIII. _c29CM |
||
| 856 | _uhttps://drive.google.com/file/d/1aXo2b8eKynXy8IRa8PV_Wvx2__R8pfkX/view?usp=sharing | ||
| 942 | _cAGR | ||
| 999 |
_c23144 _d23144 |
||